Estadísticas para Países con Nombres Cortos (con un mapa)

Haz click aquí para intentar la prueba.

Estadísticas generales

  • Esta prueba ha sido intentada 311 veces
  • La puntuación promedio es 189 de 196

Respuestas en el mapa

Las respuestas están codificadas por una escala verde-roja en el mapa de la prueba según el % correcto abajo.
 

Estadísticas de respuestas

Country% Correcto
x
100%
Perú
92%
China
91%
Libia
90%
Malí
89%
Chad
88%
Irak
88%
Irán
88%
Rusia
88%
India
87%
Sudán
87%
Chile
85%
Níger
85%
Japón
84%
Nepal
84%
Cuba
83%
Laos
83%
Suiza
83%
Togo
83%
Ghana
82%
Bután
81%
Yemen
81%
Kenia
80%
Omán
80%
Benín
79%
Túnez
77%
Fiyi
73%
Gabón
71%
Siria
71%
Haití
69%
Tonga
69%
Malta
67%
Nauru
64%
Samoa
64%
Catar
61%

Distribución de puntuación

Porcentaje por número respondido

Porcentaje de gente con cada puntuación

Historial de tus puntuaciones

No has intentado esta prueba.